Score 0/26 Timer 03:00
3 Plays Today
TV Show Answer % Correct
Whose Line Is It ______?Anyway
97.2%
Law & _____Order
96.3%
America's Got _____Talent
95.3%
Gossip ___Girl
93%
Miami ____Vice
87.4%
In Plain _____Sight
86.4%
Little House on the _______Prairie
86.2%
Mad About ___You
86.2%
8 Simple _____Rules
85.5%
Pinky and the _____Brain
82.9%
The Beverly __________Hillbillies
81.5%
Burn ______Notice
78.7%
The Bionic _____Woman
76.7%
TV Show Answer % Correct
The $64,000 ________Question
75%
Howdy _____Doody
71.2%
L.A. ___Law
63.9%
Mike & _____Molly
60.6%
Crossing ______Jordan
59.6%
Home __________Improvement
57.6%
Welcome Back, ______Kotter
56.1%
The Dead ____Zone
54.8%
WKRP in __________Cincinnati
53.7%
St. _________Elsewhere
53.4%
Kyle __XY
41%
Jake and the ______Fatman
39.6%
The Man from _______U.N.C.L.E.
37.1%

Today's Daily Dose

Missing Word
'T' Pairs

Word Ladder
Game Pieces

Get the Picture
Baseball Movies

Remove Ads.
Support Sporcle.
Get the best of Sporcle when you Go Orange. This ad-free experience offers more features, more stats, and more fun while also helping to support Sporcle. Thank you for becoming a member.

You're not logged in!

Compare scores with friends on all Sporcle quizzes.
OR
Log In

Show Comments

Extras

Top Quizzes Today


Score Distribution

Your Account Isn't Verified!

In order to create a playlist on Sporcle, you need to verify the email address you used during registration. Go to your Sporcle Settings to finish the process.

Report this User

Report this user for behavior that violates our Community Guidelines.

Details: